| 000 | 00999cab a2200325 4500 | ||
|---|---|---|---|
| 001 | ABS50551 | ||
| 008 | 090401t1994 xxu||||| |||| 00| 0 eng d | ||
| 035 | _a(Sirsi) u76434 | ||
| 041 | _aeng | ||
| 100 | _aSimpson, B. | ||
| 245 | _aCharging up the road | ||
| 260 | _c1994 | ||
| 350 | _a0 | ||
| 490 |
_aSurveyor _v181(5287) 14 April 1994, 12-16(3) |
||
| 520 | _aReviews current thinking on road pricing looking at motorway tolling and the concept of introducing tolling schemes in British cities. | ||
| 650 | _aCONGESTION CHARGING | ||
| 650 | _aELECTRONIC CHARGING | ||
| 650 | _aENVIRONMENTAL POLLUTION | ||
| 650 |
_aInfrastructure _96246 |
||
| 650 | _aMOTORWAY TOLLS | ||
| 650 | _aMOTORWAYS | ||
| 650 | _aPRIVATE SECTOR | ||
| 650 | _aROAD PRICING | ||
| 650 | _aPROPERTY-INFRASTRUCTURE-TRANSPORT INFRASTRUCTURE-ROAD INFRASTRUCTURE | ||
| 650 | _aSMART CARDS | ||
| 650 | _aTRAFFIC CONGESTION | ||
| 690 | _aTRANSPORT AND COMMUNICATIONS | ||
| 942 | _n0 | ||
| 948 | _c04/03/1997 | ||
| 999 |
_c48078 _d48078 |
||